[Event "Asuncion Roggio Cup-B 3rd"]
[Site "Asuncion"]
[Date "2010.05.28"]
[Round "8"]
[White "Patriarca, Luis"]
[Black "Larrea, Manuel"]
[Result "1-0"]
[WhiteElo "2304"]
[BlackElo "2347"]
[PlyCount "41"]
[EventDate "2010.05.20"]
[EventType "tourn"]
[EventRounds "9"]
[EventCountry "PAR"]
[EventCategory "2"]
[SourceTitle "CBM 136 Extra"]
[Source "ChessBase"]
[SourceDate "2010.07.02"]
[SourceVersion "2"]
[SourceVersionDate "2010.07.15"]
[SourceQuality "1"]

1. c4 c5 2. Nc3 b6 3. e4 Bb7 4. g3 d6 5. Bg2 Nd7 6. Nge2 a6 7. 0-0 e6 8. b3 Ngf6 9. d4 cxd4 10. Nxd4 Qc7 11. Bb2 Be7 12. Rc1 0-0 13. Qe2 Rfe8 14. Rfd1 Rac8 15. Nc2 Qb8 16. Ne3 Qa8 17. Nf1 Nc5 18. Nd2 Bf8 19. Re1 Rcd8 20. Rcd1 Rd7 21. b4 1-0

[Event "Asuncion Roggio Cup-B 3rd"]
[Site "Asuncion"]
[Date "2010.05.21"]
[Round "2"]
[White "Valiente, Cristobal"]
[Black "Patriarca, Luis"]
[Result "1/2-1/2"]
[WhiteElo "2247"]
[BlackElo "2304"]
[PlyCount "29"]
[EventDate "2010.05.20"]
[EventType "tourn"]
[EventRounds "9"]
[EventCountry "PAR"]
[EventCategory "2"]
[SourceTitle "CBM 136 Extra"]
[Source "ChessBase"]
[SourceDate "2010.07.02"]
[SourceVersion "2"]
[SourceVersionDate "2010.07.15"]
[SourceQuality "1"]

1. e4 c6 2. d4 d5 3. exd5 cxd5 4. Bd3 Nc6 5. c3 Nf6 6. Bf4 Bg4 7. Qb3 Na5 8. Qc2 Nc6 9. Nd2 Rc8 10. Ngf3 e6 11. 0-0 Bh5 12. Rfe1 Bg6 13. Bxg6 hxg6 14. Qb3 b6 15. Ne5 1/2-1/2

[Event "Olympiad-38"]
[Site "Dresden"]
[Date "2008.11.21"]
[Round "8"]
[White "Cekro, Ekrem"]
[Black "Patriarca, Luis"]
[Result "1-0"]
[WhiteElo "2419"]
[BlackElo "2318"]
[PlyCount "141"]
[EventDate "2008.11.13"]
[EventType "team-swiss"]
[EventRounds "11"]
[EventCountry "GER"]
[SourceTitle "CBM 128"]
[Source "ChessBase"]
[SourceDate "2009.01.28"]
[SourceVersion "1"]
[SourceVersionDate "2009.01.28"]
[SourceQuality "1"]
[WhiteTeam "Belgium"]
[BlackTeam "Paraguay"]
[WhiteTeamCountry "BEL"]
[BlackTeamCountry "PAR"]

1. c4 c6 2. b3 d5 3. Bb2 Nf6 4. Nf3 Bf5 5. g3 e6 6. Bg2 h6 7. 0-0 Nbd7 8. d3 Bh7 9. Nbd2 Bd6 10. Qc2 0-0 11. a3 Rc8 12. e4 e5 13. b4 b6 14. Rfe1 Re8 15. Bh3 g5 16. Bg2 d4 17. h4 g4 18. Nh2 Kh8 19. Bc1 Rg8 20. Nb3 Bf8 21. Bd2 Bg6 22. a4 c5 23. b5 Bg7 24. a5 Kh7 25. Rf1 Bh5 26. axb6 axb6 27. Ra7 Rc7 28. Ra6 Qe7 29. Rfa1 Rgc8 30. Qd1 Qe6 31. Qf1 Nb8 32. Ra8 Nbd7 33. R8a4 Rg8 34. Ra6 Bf8 35. Qc1 Bg7 36. Kh1 Rgc8 37. Qf1 Rg8 38. R1a2 Bf8 39. Ra8 Bg7 40. Rxg8 Kxg8 41. Ra6 Kh7 42. Kg1 Nb8 43. Ra8 Nbd7 44. Qd1 Nf8 45. Ra6 N8d7 46. Qa1 Qe8 47. Bf1 Rb7 48. Be2 Qe6 49. Na5 Rc7 50. Nc6 Rc8 51. Bf1 Bf8 52. Bg2 Bg7 53. Qf1 Nb8 54. Nxb8 Rxb8 55. f4 gxf3 56. Bh3 f2+ 57. Kxf2 Ng4+ 58. Kg2 Nxh2 59. Bf5+ Bg6 60. Kxh2 Bxf5 61. exf5 Qd7 62. Qf3 Qd6 63. Qe4 Kg8 64. g4 f6 65. Kh3 Bf8 66. Kg3 Rd8 67. Kf3 Qc7 68. Kg2 Rd6 69. Ra8 Rd8 70. Bxh6 Bxh6 71. Qd5+ 1-0

[Event "Olympiad-38"]
[Site "Dresden"]
[Date "2008.11.19"]
[Round "6"]
[White "Jorczik, Julian Marcel"]
[Black "Patriarca, Luis"]
[Result "1-0"]
[WhiteElo "2382"]
[BlackElo "2318"]
[PlyCount "170"]
[EventDate "2008.11.13"]
[EventType "team-swiss"]
[EventRounds "11"]
[EventCountry "GER"]
[SourceTitle "CBM 128"]
[Source "ChessBase"]
[SourceDate "2009.01.28"]
[SourceVersion "1"]
[SourceVersionDate "2009.01.28"]
[SourceQuality "1"]
[WhiteTeam "Germany III"]
[BlackTeam "Paraguay"]
[WhiteTeamCountry "GER"]
[BlackTeamCountry "PAR"]

1. d4 Nf6 2. c4 e6 3. Nf3 d5 4. Nc3 Bb4 5. Qa4+ Nc6 6. e3 0-0 7. Qc2 dxc4 8. Bxc4 Bd6 9. 0-0 e5 10. dxe5 Nxe5 11. Nxe5 Bxe5 12. h3 Qe7 13. Bd3 Re8 14. Bd2 Bd7 15. Rae1 Bxc3 16. Bxc3 Ne4 17. Bd4 c5 18. Bxe4 Qxe4 19. Qxe4 Rxe4 20. f3 Re6 21. Bxc5 Rg6 22. g4 Rc6 23. Bd4 a6 24. Rf2 Be6 25. a3 Rac8 26. Bc3 Rd8 27. Kg2 f6 28. Kg3 Kf7 29. e4 Bb3 30. Rfe2 Bc4 31. Re3 Rd3 32. Rxd3 Bxd3 33. f4 Re6 34. Kf3 Bc2 35. h4 Rd6 36. Kg2 Rd1 37. Re2 Bb3 38. g5 Rd3 39. Re1 Ba4 40. e5 Bc6+ 41. Kh2 fxe5 42. Rxe5 Rf3 43. f5 Rf4 44. Kg3 Re4 45. g6+ hxg6 46. fxg6+ Kxg6 47. Rg5+ Kh7 48. Rxg7+ Kh6 49. Rc7 Kh5 50. Rh7+ Kg6 51. Rh8 Re3+ 52. Kf2 Rf3+ 53. Ke2 Rf5 54. Ke3 Rd5 55. Rg8+ Kh6 56. Bf6 Rf5 57. Bg5+ Kh7 58. Rc8 Kg6 59. Kd4 Rb5 60. b4 Rd5+ 61. Kc4 Rf5 62. Be3 Bb5+ 63. Kd4 Bc6 64. Rh8 Bf3 65. Rh6+ Kg7 66. Rd6 Kh7 67. a4 Kg7 68. a5 Kh7 69. Bg5 Kg7 70. Ke3 Bc6 71. Kd4 Bf3 72. Kc4 Bc6 73. Be3 Bf3 74. Bd4+ Kh7 75. Bf6 Be2+ 76. Kd4 Bf3 77. Be5 Bc6 78. Re6 Kg8 79. Kc5 Bf3 80. Kd6 Kh7 81. Re7+ Kg6 82. Ke6 Rf8 83. Rg7+ Kh6 84. Rg3 Kh5 85. Bf6 Re8+ 1-0

[Event "Olympiad-38"]
[Site "Dresden"]
[Date "2008.11.15"]
[Round "3"]
[White "Patriarca, Luis"]
[Black "Waqar, Mohamed"]
[Result "0-1"]
[WhiteElo "2318"]
[BlackElo "2207"]
[PlyCount "94"]
[EventDate "2008.11.13"]
[EventType "team-swiss"]
[EventRounds "11"]
[EventCountry "GER"]
[SourceTitle "CBM 128"]
[Source "ChessBase"]
[SourceDate "2009.01.28"]
[SourceVersion "1"]
[SourceVersionDate "2009.01.28"]
[SourceQuality "1"]
[WhiteTeam "Paraguay"]
[BlackTeam "Pakistan"]
[WhiteTeamCountry "PAR"]
[BlackTeamCountry "PAK"]

1. c4 Nf6 2. Nc3 g6 3. g3 Bg7 4. Bg2 0-0 5. e3 d6 6. Nge2 Nc6 7. d3 e5 8. 0-0 Re8 9. h3 Bf5 10. e4 Be6 11. f4 Qd7 12. g4 exf4 13. Nxf4 Rf8 14. g5 Ne8 15. Be3 Nd4 16. Nce2 Nxe2+ 17. Qxe2 c5 18. Rab1 Nc7 19. b4 b6 20. b5 Be5 21. h4 Qe7 22. Nxe6 Nxe6 23. Bh3 Nd4 24. Qg2 Rae8 25. Kh1 h5 26. Rf2 Kg7 27. Rbf1 Kh7 28. Rg1 Rg8 29. Rgf1 Ref8 30. Rd1 Rg7 31. Rdf1 f6 32. gxf6 Rxf6 33. Bg5 Rxf2 34. Qxf2 Qe8 35. Qf8 Qxf8 36. Rxf8 Rb7 37. Kg2 Kg7 38. Rf2 Rf7 39. Bh6+ Kg8 40. Bg5 Rxf2+ 41. Kxf2 Kf7 42. Ke3 Bf6 43. Bf4 Ke7 44. Bg3 Be5 45. Bf2 Kf6 46. Bd7 g5 47. Be8 Bf4# 0-1

[Event "Olympiad-38"]
[Site "Dresden"]
[Date "2008.11.13"]
[Round "1"]
[White "Patriarca, Luis"]
[Black "Borisek, Jure"]
[Result "0-1"]
[WhiteElo "2318"]
[BlackElo "2548"]
[PlyCount "116"]
[EventDate "2008.11.13"]
[EventType "team-swiss"]
[EventRounds "11"]
[EventCountry "GER"]
[SourceTitle "CBM 128"]
[Source "ChessBase"]
[SourceDate "2009.01.28"]
[SourceVersion "1"]
[SourceVersionDate "2009.01.28"]
[SourceQuality "1"]
[WhiteTeam "Paraguay"]
[BlackTeam "Slovenia"]
[WhiteTeamCountry "PAR"]
[BlackTeamCountry "SLO"]

1. c4 e5 2. Nc3 Bb4 3. Nd5 Be7 4. d4 d6 5. e4 c6 6. Nxe7 Qxe7 7. d5 f5 8. exf5 Bxf5 9. Ne2 Nf6 10. Ng3 Bg6 11. Be2 cxd5 12. cxd5 Nbd7 13. Be3 0-0 14. 0-0 Nb6 15. Bxb6 axb6 16. Qb3 Kh8 17. Rfd1 Ra5 18. Rd2 Rc5 19. Rad1 Qc7 20. Bd3 e4 21. Be2 Re8 22. Nf1 Ra8 23. Ne3 Be8 24. Rd4 b5 25. Rb4 Ra4 26. a3 Bd7 27. h3 Qc8 28. Kh2 h6 29. Rd2 Ra5 30. Nd1 Qe8 31. Rbd4 Ra4 32. Qg3 Rxd4 33. Rxd4 Rc2 34. Bf1 Qe7 35. Kg1 Rc1 36. Qe3 Ra1 37. Rd2 Qe5 38. Qd4 Qg5 39. Qe3 Qe5 40. Qd4 Qh5 41. Be2 Qg5 42. Qe3 Qf5 43. Qd4 Be8 44. Kh2 Qf4+ 45. g3 Qf5 46. Bf1 Bh5 47. Ne3 Qg5 48. Bg2 Bf3 49. Bxf3 exf3 50. Rd1 Ra2 51. Qc3 Ne4 52. Qc8+ Kh7 53. Qc2 Qg6 54. Qb3 Nxf2 55. Rf1 Qd3 56. Qxa2 Qxe3 57. b4 Nd3 58. Qc2 Qe2+ 0-1

[Event "PAR-ch playoff"]
[Site "Asuncion"]
[Date "2008.08.22"]
[Round "4"]
[White "Butti, Enrique"]
[Black "Patriarca, Luis"]
[Result "0-1"]
[WhiteElo "2093"]
[BlackElo "2318"]
[PlyCount "58"]
[EventDate "2008.08.16"]
[EventType "tourn"]
[EventRounds "6"]
[EventCountry "PAR"]
[SourceTitle "CBM 125 Extra"]
[Source "ChessBase"]
[SourceDate "2008.09.01"]
[SourceVersion "1"]
[SourceVersionDate "2008.09.01"]
[SourceQuality "1"]

1. d4 Nf6 2. Nf3 e6 3. e3 c5 4. Bd3 cxd4 5. exd4 b6 6. 0-0 Bb7 7. Bg5 Be7 8. c4 d5 9. Nc3 dxc4 10. Bxc4 0-0 11. Qe2 Nc6 12. Rad1 Nb4 13. Ne5 Nbd5 14. f4 Nxc3 15. bxc3 Nd5 16. Bxe7 Qxe7 17. Qf3 Rac8 18. Qh3 g6 19. Rd3 f6 20. Nxg6 hxg6 21. Rg3 Kg7 22. f5 g5 23. Qh5 Qf7 24. Rxg5+ fxg5 25. Qxg5+ Kh8 26. Bxd5 Bxd5 27. Rf4 Qg7 28. Qh4+ Qh7 29. Qe1 Rxf5 0-1

[Event "Registro op 2008"]
[Site "Registro"]
[Date "2008.05.04"]
[Round "9"]
[White "Awoki, Daniel Teidi"]
[Black "Patriarca, Luis"]
[Result "1/2-1/2"]
[WhiteElo "1853"]
[BlackElo "2333"]
[PlyCount "139"]
[EventDate "2008.04.30"]
[EventType "swiss"]
[EventRounds "9"]
[EventCountry "BRA"]
[SourceTitle "EXT 2022"]
[Source "ChessBase"]
[SourceDate "2021.10.06"]
[SourceVersion "1"]
[SourceVersionDate "2021.10.06"]
[SourceQuality "1"]

1. e4 c6 2. d4 d5 3. exd5 cxd5 4. c4 Nf6 5. Nc3 e6 6. Nf3 Bb4 7. a3 Bxc3+ 8. bxc3 dxc4 9. Bxc4 Qc7 10. Bb5+ Bd7 11. Bxd7+ Nbxd7 12. Bd2 Qc4 13. Qe2 Rc8 14. Qxc4 Rxc4 15. Rb1 b6 16. Rb4 Rc7 17. Rb1 Nd5 18. Rc1 Rc4 19. 0-0 0-0 20. Rc2 Rfc8 21. Rfc1 b5 22. Ne1 Ra4 23. Ra1 a6 24. f3 Rac4 25. Rac1 N7b6 26. Nd3 R4c6 27. Nb4 Nxb4 28. axb4 Nd5 29. Rb2 Nxc3 30. Rxc3 Rxc3 31. Bxc3 Rxc3 32. Ra2 Rc6 33. Kf2 h5 34. Ke3 Rc4 35. g3 Rxb4 36. Rxa6 Rb2 37. h4 g6 38. Ra1 Kg7 39. Kf4 Kf6 40. g4 hxg4 41. fxg4 b4 42. Ra4 b3 43. Rb4 Rb1 44. Kf3 Kg7 45. Kg2 Kh6 46. Kh2 f5 47. gxf5 exf5 48. Rb7 b2 49. d5 Kh5 50. Rb4 f4 51. d6 Rd1 52. Rxb2 Rxd6 53. Rf2 Kg4 54. h5 gxh5 55. Rg2+ Kf3 56. Rg5 Ke3 57. Rxh5 Kf2 58. Kh3 f3 59. Rf5 Rh6+ 60. Kg4 Rg6+ 61. Kh3 Ke2 62. Ra5 Rf6 63. Ra2+ Ke3 64. Ra1 f2 65. Kg2 Rg6+ 66. Kh2 Ra6 67. Rb1 Ra2 68. Kg2 Ke2 69. Rf1 Ke3 70. Rb1 1/2-1/2

[Event "Registro op 2008"]
[Site "Registro"]
[Date "2008.05.03"]
[Round "6"]
[White "Patriarca, Luis"]
[Black "Segal, Alexandru Sorin"]
[Result "1/2-1/2"]
[WhiteElo "2333"]
[BlackElo "2233"]
[PlyCount "59"]
[EventDate "2008.04.30"]
[EventType "swiss"]
[EventRounds "9"]
[EventCountry "BRA"]
[SourceTitle "EXT 2022"]
[Source "ChessBase"]
[SourceDate "2021.10.06"]
[SourceVersion "1"]
[SourceVersionDate "2021.10.06"]
[SourceQuality "1"]

1. c4 Nf6 2. Nc3 c6 3. d4 d5 4. Nf3 g6 5. cxd5 cxd5 6. Ne5 Bg7 7. g3 0-0 8. Bg2 Be6 9. 0-0 Na6 10. Qb3 Qb6 11. Qxb6 axb6 12. Bg5 Rfd8 13. e3 Kf8 14. Bxf6 Bxf6 15. Nd3 Bf5 16. Nf4 e6 17. Rfd1 Rac8 18. Rac1 Rd7 19. Bf1 g5 20. Nd3 Bxd3 21. Bxd3 h6 22. a3 Bd8 23. Rc2 Ra8 24. Rdc1 f5 25. Nb1 Rb8 26. Nd2 g4 27. Kg2 h5 28. h3 Rh7 29. Rh1 Kg8 30. Nb3 1/2-1/2

[Event "Ciudad del Este Ingolotti Memorial"]
[Site "Ciudad del Este"]
[Date "2008.01.07"]
[Round "7"]
[White "Patriarca, Luis"]
[Black "Larrea, Manuel"]
[Result "1/2-1/2"]
[WhiteElo "2314"]
[BlackElo "2342"]
[PlyCount "40"]
[EventDate "2008.01.04"]
[EventType "tourn"]
[EventRounds "10"]
[EventCountry "PAR"]
[EventCategory "5"]
[SourceTitle "CBM 122 Extra"]
[Source "ChessBase"]
[SourceDate "2008.03.04"]
[SourceVersion "1"]
[SourceVersionDate "2008.03.04"]
[SourceQuality "1"]

1. d4 Nf6 2. c4 g6 3. Nc3 Bg7 4. g3 0-0 5. Bg2 d6 6. e3 Nc6 7. Nge2 a6 8. b3 Rb8 9. 0-0 Na5 10. Bb2 b5 11. cxb5 axb5 12. Qc2 b4 13. Nd5 Nxd5 14. Bxd5 Bf5 15. Qd2 c6 16. Bg2 Qc8 17. Rac1 Bh3 18. Bxh3 Qxh3 19. Nf4 Qf5 20. Nd3 Qb5 1/2-1/2

[Event "Ciudad del Este Ingolotti Memorial"]
[Site "Ciudad del Este"]
[Date "2008.01.06"]
[Round "5"]
[White "Diaz Hollemaert, Nahuel Carlos"]
[Black "Patriarca, Luis"]
[Result "1-0"]
[WhiteElo "2429"]
[BlackElo "2314"]
[PlyCount "39"]
[EventDate "2008.01.04"]
[EventType "tourn"]
[EventRounds "10"]
[EventCountry "PAR"]
[EventCategory "5"]
[SourceTitle "CBM 122 Extra"]
[Source "ChessBase"]
[SourceDate "2008.03.04"]
[SourceVersion "1"]
[SourceVersionDate "2008.03.04"]
[SourceQuality "1"]

1. e4 e6 2. d3 d5 3. Qe2 Nf6 4. Nf3 c5 5. g3 b6 6. Bg2 dxe4 7. dxe4 Ba6 8. c4 Nc6 9. e5 Nd7 10. Nc3 Rc8 11. 0-0 Qc7 12. Rd1 Nd4 13. Nxd4 cxd4 14. Rxd4 Bxc4 15. Qd1 Bb4 16. Ne4 Be7 17. Bf4 Bd5 18. Nd6+ Bxd6 19. exd6 Qc2 20. Rxd5 1-0

[Event "Olympiad-37"]
[Site "Turin"]
[Date "2006.06.02"]
[Round "11"]
[White "Patriarca, Luis"]
[Black "Simonsen, Hans Kristian"]
[Result "1-0"]
[WhiteElo "2283"]
[BlackElo "2295"]
[PlyCount "75"]
[EventDate "2006.05.21"]
[EventType "team-swiss"]
[EventRounds "13"]
[EventCountry "ITA"]
[SourceTitle "CBM 113"]
[Source "ChessBase"]
[SourceDate "2006.07.31"]
[SourceVersion "1"]
[SourceVersionDate "2006.07.31"]
[SourceQuality "1"]
[WhiteTeam "Paraguay"]
[BlackTeam "Faroe Islands"]
[WhiteTeamCountry "PAR"]
[BlackTeamCountry "FAI"]

1. c4 Nf6 2. Nf3 g6 3. Nc3 Bg7 4. g3 0-0 5. Bg2 d6 6. d3 e5 7. 0-0 a5 8. Rb1 c6 9. a3 Re8 10. e4 d5 11. cxd5 cxd5 12. Bg5 d4 13. Nd5 Be6 14. Nxf6+ Bxf6 15. Bxf6 Qxf6 16. Nd2 Nd7 17. f4 Nc5 18. f5 Bd7 19. fxg6 Qxg6 20. Nf3 Ra6 21. Rc1 Na4 22. Nh4 Qd6 23. Qh5 Rf8 24. Rc2 Rb6 25. Rff2 f6 26. Bf3 Nc5 27. Be2 Rb3 28. Rd2 Qb6 29. Bg4 Be8 30. Qh6 Rxd3 31. Nf5 Qc7 32. Rc2 b6 33. b4 axb4 34. axb4 Rc3 35. bxc5 Rxc5 36. Rb2 Rc1+ 37. Kg2 b5 38. Ne7+ 1-0

[Event "Olympiad-37"]
[Site "Turin"]
[Date "2006.05.27"]
[Round "6"]
[White "Erturan, Yakup"]
[Black "Patriarca, Luis"]
[Result "1-0"]
[WhiteElo "2353"]
[BlackElo "2283"]
[PlyCount "77"]
[EventDate "2006.05.21"]
[EventType "team-swiss"]
[EventRounds "13"]
[EventCountry "ITA"]
[SourceTitle "CBM 113"]
[Source "ChessBase"]
[SourceDate "2006.07.31"]
[SourceVersion "1"]
[SourceVersionDate "2006.07.31"]
[SourceQuality "1"]
[WhiteTeam "Turkey"]
[BlackTeam "Paraguay"]
[WhiteTeamCountry "TUR"]
[BlackTeamCountry "PAR"]

1. e4 e6 2. d4 d5 3. Nc3 Bb4 4. e5 c5 5. a3 Bxc3+ 6. bxc3 Qa5 7. Bd2 Qa4 8. Qb1 c4 9. Nf3 Nc6 10. Be2 Bd7 11. 0-0 Nge7 12. Bg5 b6 13. Qc1 h6 14. Bxe7 Nxe7 15. Qd2 0-0-0 16. g3 Rdf8 17. Nh4 f5 18. exf6 gxf6 19. Bh5 Be8 20. Bxe8 Rxe8 21. Rfe1 Qd7 22. Qf4 Ng8 23. Re2 Rh7 24. Rae1 Rg7 25. Nf5 e5 26. dxe5 fxe5 27. Rxe5 Rxe5 28. Rxe5 Rg6 29. Ne3 Rf6 30. Qd4 Ne7 31. Nxd5 Nxd5 32. Rxd5 Qc6 33. Qg4+ Kb7 34. Qg7+ Ka6 35. Rd7 Qe6 36. Rxa7+ Kb5 37. a4+ Kc6 38. Qc7+ Kd5 39. Qd8+ 1-0

[Event "Olympiad-37"]
[Site "Turin"]
[Date "2006.05.22"]
[Round "2"]
[White "Patriarca, Luis"]
[Black "Markos, Jan"]
[Result "0-1"]
[WhiteElo "2283"]
[BlackElo "2492"]
[PlyCount "100"]
[EventDate "2006.05.21"]
[EventType "team-swiss"]
[EventRounds "13"]
[EventCountry "ITA"]
[SourceTitle "CBM 113"]
[Source "ChessBase"]
[SourceDate "2006.07.31"]
[SourceVersion "1"]
[SourceVersionDate "2006.07.31"]
[SourceQuality "1"]
[WhiteTeam "Paraguay"]
[BlackTeam "Slovakia"]
[WhiteTeamCountry "PAR"]
[BlackTeamCountry "SVK"]

1. c4 Nf6 2. Nc3 e5 3. g3 Bb4 4. Bg2 0-0 5. Nd5 Nxd5 6. cxd5 c6 7. a3 Bc5 8. e3 cxd5 9. Bxd5 Nc6 10. Ne2 Bb6 11. 0-0 Ne7 12. Bg2 d5 13. d4 e4 14. a4 Bg4 15. h3 Bf5 16. b3 Qd7 17. Ba3 Rfc8 18. Rc1 Ng6 19. Kh2 Rxc1 20. Qxc1 h5 21. Qd2 Bc7 22. Rc1 Nh4 23. Ng1 Nxg2 24. Kxg2 a5 25. Qe2 h4 26. Qh5 Bd8 27. g4 Be6 28. Qe5 Rc8 29. Rxc8 Qxc8 30. Ne2 Bf6 31. Qd6 g5 32. Bc5 Qd8 33. f3 exf3+ 34. Kxf3 Qxd6 35. Bxd6 Bd8 36. Nc3 f5 37. gxf5 Bxf5 38. Kg2 Kf7 39. b4 Ke6 40. Bf8 axb4 41. Bxb4 Bc7 42. Ne2 b6 43. Bd2 Be4+ 44. Kg1 Kf5 45. Nc3 Bf3 46. Kf2 g4 47. Ne2 Bxe2 48. Kxe2 gxh3 49. Kf3 h2 50. Kg2 Ke4 0-1

[Event "American Continental 03rd"]
[Site "Buenos Aires"]
[Date "2005.08.16"]
[Round "11"]
[White "Patriarca, Luis"]
[Black "Claverie, Raul Ricardo"]
[Result "1/2-1/2"]
[WhiteElo "2266"]
[BlackElo "2388"]
[PlyCount "56"]
[EventDate "2005.08.06"]
[EventType "swiss"]
[EventRounds "11"]
[EventCountry "ARG"]
[SourceTitle "CBM 107 Extra"]
[Source "ChessBase"]
[SourceDate "2005.09.01"]
[SourceVersion "1"]
[SourceVersionDate "2005.09.01"]
[SourceQuality "1"]

1. c4 f5 2. Nc3 Nf6 3. g3 g6 4. Bg2 Bg7 5. d3 0-0 6. e4 Nc6 7. Nge2 d6 8. 0-0 e5 9. Nd5 fxe4 10. dxe4 Be6 11. Bg5 Rf7 12. Qd2 Qd7 13. b3 Raf8 14. Rad1 Kh8 15. f3 b6 16. Nb4 Ne7 17. Qc1 c5 18. Nd3 Nc6 19. Bd2 Qc8 20. a4 a6 21. Nf2 Rc7 22. Bh6 Rd8 23. Bxg7+ Kxg7 24. f4 Nd4 25. Nxd4 exd4 26. f5 Bg8 27. g4 Rf8 28. g5 Nd7 1/2-1/2

[Event "American Continental 03rd"]
[Site "Buenos Aires"]
[Date "2005.08.13"]
[Round "8"]
[White "Tenti, Joaquin"]
[Black "Patriarca, Luis"]
[Result "1/2-1/2"]
[WhiteElo "2153"]
[BlackElo "2266"]
[PlyCount "122"]
[EventDate "2005.08.06"]
[EventType "swiss"]
[EventRounds "11"]
[EventCountry "ARG"]
[SourceTitle "CBM 107 Extra"]
[Source "ChessBase"]
[SourceDate "2005.09.01"]
[SourceVersion "1"]
[SourceVersionDate "2005.09.01"]
[SourceQuality "1"]

1. e4 e6 2. d4 d5 3. Nc3 Nf6 4. e5 Nfd7 5. f4 c5 6. Nf3 Nc6 7. Be3 cxd4 8. Nxd4 Bc5 9. Qd2 a6 10. 0-0-0 Nxd4 11. Bxd4 Bxd4 12. Qxd4 Qb6 13. Qxb6 Nxb6 14. Bd3 h5 15. Ne2 Bd7 16. Nd4 g6 17. g3 Ke7 18. h3 Rh6 19. Kb1 Rc8 20. b3 Na8 21. Kb2 Nc7 22. a4 a5 23. Rh2 Na8 24. Rdh1 Rch8 25. Be2 Nb6 26. Bd3 Bc6 27. c3 Be8 28. Rc1 Bd7 29. Rch1 Be8 30. Ra1 Bd7 31. Rc2 Rc8 32. Nb5 Bxb5 33. axb5 Ra8 34. c4 Rhh8 35. c5 Nd7 36. b6 Rhc8 37. Rac1 Nb8 38. Bb5 Nc6 39. Bxc6 Rxc6 40. Ka3 Kd7 41. Ka4 Ra6 42. Kb5 Kc8 43. g4 hxg4 44. hxg4 Kb8 45. Ka4 Kc8 46. Ka3 Kd7 47. Kb2 Ra8 48. Ra1 Rcc8 49. b4 Kc6 50. bxa5 Kb5 51. c6 Rxc6 52. Rxc6 Kxc6 53. Rc1+ Kb5 54. Rc7 Rxa5 55. Rxb7 Kc5 56. Rxf7 Rb5+ 57. Kc1 Rxb6 58. Rf6 Rb4 59. g5 Re4 60. Rxe6 Rxf4 61. Rxg6 Rf5 1/2-1/2

[Event "American Continental 03rd"]
[Site "Buenos Aires"]
[Date "2005.08.08"]
[Round "3"]
[White "Patriarca, Luis"]
[Black "Zambrana, Oswaldo"]
[Result "0-1"]
[WhiteElo "2266"]
[BlackElo "2421"]
[PlyCount "76"]
[EventDate "2005.08.06"]
[EventType "swiss"]
[EventRounds "11"]
[EventCountry "ARG"]
[SourceTitle "CBM 107 Extra"]
[Source "ChessBase"]
[SourceDate "2005.09.01"]
[SourceVersion "1"]
[SourceVersionDate "2005.09.01"]
[SourceQuality "1"]

1. c4 g6 2. Nc3 Bg7 3. Qc2 e5 4. g3 d6 5. Bg2 f5 6. d3 Nf6 7. e3 0-0 8. Nge2 c6 9. 0-0 a5 10. Rb1 Be6 11. b3 Na6 12. a3 Qe7 13. f4 Bf7 14. h3 Rac8 15. e4 exf4 16. Bxf4 fxe4 17. dxe4 Nc5 18. Rbd1 Rcd8 19. g4 Rfe8 20. Rfe1 Nfxe4 21. Nxe4 Nxe4 22. Ng3 d5 23. cxd5 cxd5 24. Nxe4 dxe4 25. Rxd8 Qxd8 26. Rxe4 Rxe4 27. Bxe4 Qd4+ 28. Kg2 Bf8 29. Bc7 Bc5 30. Bxb7 Qg1+ 31. Kf3 Qe3+ 32. Kg2 Bxb3 33. Qb2 Qg1+ 34. Kf3 Bd1+ 35. Ke4 Qe3+ 36. Kd5 Bb3+ 37. Kc6 Bd4 38. Qg2 Qe8+ 0-1

[Event "American Continental 03rd"]
[Site "Buenos Aires"]
[Date "2005.08.07"]
[Round "2"]
[White "Leeuw, Pablo Gabriel"]
[Black "Patriarca, Luis"]
[Result "0-1"]
[WhiteElo "2088"]
[BlackElo "2266"]
[PlyCount "89"]
[EventDate "2005.08.06"]
[EventType "swiss"]
[EventRounds "11"]
[EventCountry "ARG"]
[SourceTitle "CBM 107 Extra"]
[Source "ChessBase"]
[SourceDate "2005.09.01"]
[SourceVersion "1"]
[SourceVersionDate "2005.09.01"]
[SourceQuality "1"]

1. e4 c6 2. Nc3 d5 3. Nf3 Bg4 4. h3 Bxf3 5. Qxf3 e6 6. a3 Nf6 7. exd5 cxd5 8. d4 Nc6 9. Bb5 Rc8 10. 0-0 a6 11. Bxc6+ Rxc6 12. Re1 Be7 13. Re2 0-0 14. Nd1 b5 15. Bg5 Ne4 16. Bxe7 Qxe7 17. Qd3 Qc7 18. Ne3 h5 19. Nf1 g6 20. c3 Kg7 21. Nd2 Nxd2 22. Qxd2 Rb8 23. f4 a5 24. Qe3 b4 25. cxb4 axb4 26. Qe5+ Qxe5 27. fxe5 bxa3 28. bxa3 Rc4 29. Rd2 Ra4 30. Rd3 Rb2 31. h4 Rc4 32. Rf1 Rcc2 33. Rg3 Re2 34. Rf4 Rbd2 35. Rgf3 Rxg2+ 36. Kf1 Rh2 37. Rxf7+ Kh6 38. Kg1 Rdg2+ 39. Kf1 Ra2 40. Kg1 Rxh4 41. Rd3 Rhh2 42. Rf6 Rhc2 43. Rf8 h4 44. Rf4 Kg5 45. Rf6 0-1

[Event "American Continental 03rd"]
[Site "Buenos Aires"]
[Date "2005.08.06"]
[Round "1"]
[White "Patriarca, Luis"]
[Black "Akobian, Varuzhan"]
[Result "0-1"]
[WhiteElo "2266"]
[BlackElo "2558"]
[PlyCount "70"]
[EventDate "2005.08.06"]
[EventType "swiss"]
[EventRounds "11"]
[EventCountry "ARG"]
[SourceTitle "CBM 109"]
[Source "ChessBase"]
[SourceDate "2005.11.14"]
[SourceVersion "1"]
[SourceVersionDate "2005.11.14"]
[SourceQuality "1"]

1. c4 e6 2. Nc3 d5 3. d4 c5 4. cxd5 exd5 5. Nf3 Nc6 6. g3 Nf6 7. Bg2 Be7 8. 0-0 0-0 9. Bg5 c4 10. Ne5 Be6 11. Nxc6 bxc6 12. b3 Qa5 13. Qc2 Rac8 14. bxc4 dxc4 15. Bd2 Qh5 16. f3 Rfd8 17. Be3 c5 18. g4 Qh4 19. Bf2 Qh6 20. h4 Qf4 21. e3 Qc7 22. g5 Nd5 23. Nxd5 Rxd5 24. f4 cxd4 25. Bxd5 Bxd5 26. Kh2 d3 27. Qc3 Qd7 28. Bg3 Qf5 29. e4 Bxe4 30. Rfe1 Bc5 31. Rad1 g6 32. Rd2 Bb6 33. h5 gxh5 34. Rdd1 h4 35. Bxh4 Qg4 0-1